000 00794cam a22002411a 4500
001 e 23000037
003 DLC
005 20260227111214.0
008 850419s1923 dcu f000 0 eng c
010 _ae 23000037
035 _a(OCoLC)11943090
040 _aU.S. Off. of Educ. Library
_cABAU
_dABAU
_dDLC
042 _apremarc
050 0 0 _aL111
_b.A6 1922, no. 44
082 _a370.6173
100 1 _aSeerley, Homer H.
_q(Homer Horatio),
_d1848-
245 1 4 _aThe American teacher /
_cby Homer H. Seerley.
260 _aWashington :
_bG.P.O.,
_c1923.
300 _a14 p. ;
_c23 cm.
490 1 _aBulletin / Department of the Interior, Bureau of Education ;
_v1922, no. 44
650 0 _aTeachers
_zUnited States.
830 0 _aBulletin (United States. Bureau of Education) ;
_v1922, no. 44
999 _c20589
_d20589